000 00748nam a2200217 a 4500
001 000040307
005 20201002034039.0
008 130821s1978 sp c 000 0 spa d
020 _a842531089X
040 _aDO-SdBNP
_bspa
_cBNPHU
082 _axxxx
_bH159a
100 1 _aHaldeman, H. R.
_966593
240 1 3 _aThe ends of power /
_lIngles
245 1 3 _aLa agonia del poder /
_cH. R. Haldeman; colaborador Joseph DiMona; traducción J. M. Álvarez Flórez, Ángela Pérez.
260 _aBarcelona :
_bEdiciones Grijalbo,
_c1978.
300 _a407 p. :
_bretrs. ;
_c19 cm.
590 _aInventariado, 2019/ YL
700 1 _aDiMona, Joseph
_ecol.
_966594
700 1 _aÁlvarez Flórez, J. M.,
_etr.
_911935
700 1 _aPérez, Ángela,
_etr.
_911936
999 _c39797
_d39797